000 00601nam a2200193Ia 4500
005 20250508164810.0
008 008 250505s9999 xx 000 0 eng d
037 _aTheses
040 _aFEDL
_beng
_cFEDL
041 _aeng
_2eng
084 _a370.152 3, KAL/TH
_qFEDL
100 _aKala Ashwani Kumar
_9532113
245 0 _aImpact of simulated situation based evaluation in the learning of concepts in business studies
260 _c2001
300 _axiii,268p.
546 _aPh. D. Thesis (Delhi University)
942 _cTH
_h370.152 3, KAL/TH
999 _c1391245
_d1391245